Statistics for Guess the band from the Lyrics

Click here to take the quiz!

General Stats

  • This quiz has been taken 136 times
  • The average score is 10 of 15

Answer Stats

QuestionAnswer% Correct
"Is this the real life/is this just fantasy/caught in a landslide, no escape from reality."Queen
98%
OOOOHHH Were halfway there/WOOOAAAHH Livin On a PrayerBon Jovi
94%
With a word she can get what she came for Oh oh oh oh and she's buying a stairway to HeavenLed Zepplin
92%
Never made it as a wiseman/Couldn't cut it as a poor man stealing/Tired of living like a blind man/Im sick of sight without a sense of feeling."Nickelback
90%
"Dream on (x13)"Aerosmith
84%
She's got a smile that it seems to me /Reminds me of childhood memories /Where everything was as fresh as the bright blue sky.Guns N' Roses
81%
Here we are now, entertain us/ I feel stupid and contagious/ Here we are now, entertain usNirvana
77%
A shame/The ones that died without a nameGreen Day
73%
I'm falling so im taking my time on my riiiiiiiiiiiiiiiideTwenty One Pilots
59%
Am I more than you bargained for yet/ I've been dying to tell you anything you want to hear, Cause thats just who I am this week.Fall Out Boy
54%
When I was a young boy/my father took me into the city to see a marching bandMy Chemical Romance
53%
Hold me now/I'm six feet from the edge and I'm thinking/Maybe six feet aint so far downCreed
50%
But thats just a stupid dream that I wont realize, cause I cant really look in your eyes without shakin, and I aint fakin/ I'd bring home the turkey if you bring home the bacon"Weezer
50%
"If you love me let me gooooooooooooooooooo/These words are knifes and often leave scars,the fear of falling apart."Panic! At The Disco
44%
"They say a devil that you know is better than a devil that you don't/ Oh your a big shot here but nobody else knoooowwss/Now I want you to leave me..alone.I Don't Know How But They Found Me
29%

Score Distribution

Percentile by Number Answered

Percent of People with Each Score

Your Score History

You have not taken this quiz